Klick Quiz: Römische zu Griechische Götter - Statistiken

Allgemein
  • Dieses Quiz wurde 10.995 mal gespielt
  • Das Durchschnittsergebnis liegt bei 11 aus 25
Antwortstatistiken
Hint Antwort % Korrekt
Apollo Apollo
74%
Neptun Poseidon
73%
Venus Aphrodite
70%
Herkules Herakles
66%
Jupiter Zeus
65%
Mars Ares
63%
Bacchus Dionysos
54%
Amor Eros
52%
Proserpina Persephone
50%
Vulcanus Hephaistos
47%
Sol Helios
44%
Merkur Hermes
43%
Victoria Nike
42%
Minerva Athene
41%
Juno Hera
41%
Diana Artemis
40%
Pluto Hades
40%
Faunus Pan
40%
Somnus Hypnos
33%
Saturn Kronos
30%
Luna Selene
29%
Ceres Demeter
27%
Aurora Eos
16%
Tellus Gaia
10%
Ops Rhea
10%
Keine übereinstimmenden Quizze gefunden
Verteilung der Resultate
Anzahl Personen mit jedem Resultat
Perzentil nach korrekt beantworteten Fragen
Ihre Resultats-Entwicklung
Sie haben dieses Quiz noch nicht gespielt